|
|
|
|
| LEADER |
00888cam a2200241 7i4500 |
| 001 |
0000015620 |
| 005 |
20220905090000.0 |
| 020 |
|
|
|a 9789835202766 (pbk.)
|
| 020 |
|
|
|a 9835202761 (pbk.)
|
| 090 |
0 |
0 |
|a BP144
|b .A25 2002
|
| 100 |
0 |
|
|a Abd. Jalil Borham
|
| 245 |
1 |
0 |
|a Pengantar perundangan Islam
|c Abd. Jalil Borham.
|
| 260 |
|
|
|a Skudai, Johor:
|b UTM,
|c 2002.
|
| 300 |
|
|
|a xii, 147 p.;
|c 23 cm.
|
| 650 |
0 |
0 |
|a Islamic law --
|z Malaysia
|
| 650 |
0 |
0 |
|a Islamic law --
|x History
|
| 650 |
0 |
0 |
|a Islamic law --
|x Interpretation and construction
|
| 997 |
|
|
|a Education & Social Sciences, Faculty
|b Islamic Studies, Department
|
| 998 |
|
|
|a Islamic Studies, Diploma
|
| 998 |
|
|
|a Islamic Studies, Degree
|
| 999 |
|
|
|a 0000021639
|b BOK
|c OPEN SHELF
|e 1st Floor, Shah Alam
|
| 999 |
|
|
|a 0000021745
|b BOK
|c OPEN SHELF
|e 1st Floor, Bestari Jaya
|
| 999 |
|
|
|a 0000051277
|b BOK
|c OPEN SHELF
|e 1st Floor, Bestari Jaya
|